La transferencia del control accionario (Registro nro. 11813)

Detalles MARC
000 -LEADER
fixed length control field 00301 a2200109 4500
001 - CONTROL NUMBER
control field ART_7449
005 - DATE AND TIME OF LATEST TRANSACTION
control field 20260410161624.0
008 - FIXED-LENGTH DATA ELEMENTS--GENERAL INFORMATION
fixed length control field 260409a
100 1# - MAIN ENTRY--PERSONAL NAME
Personal name Papa, Rodolfo G.
245 10 - TITLE STATEMENT
Title La transferencia del control accionario
773 0# - HOST ITEM ENTRY
Title Enfoques
Related parts - Nº 7 (jul. 2012)
Record control number REV416

No hay ítems disponibles.